000 01120nam a2200253Ia 4500
999 _c52912
_d52912
001 19942
003 GE_BSU
005 20200518214409.0
008 181216s1978||||ge |||||||||||||| ||geo||
040 _cGE_BSU
041 _ageo
080 _a821.353.1(092ჭავჭავაძე, ი.) + 811.353.1 ძ–63
100 _aძიძიგური, შოთა
_98079
245 _aილია ჭავჭავაძე და ქართული ენა /
_cშოთა ძიძიგური ; რედ. ვ. ძიძიგური ; მხატვ. ა. დუმბაძე.
264 _aთბილისი :
_bმეცნიერება,
_c1978.
300 _a94 გვ. ;
_c17 სმ.
541 _h80თ.
653 _aილია ჭავჭავაძე და ქართული ენა
653 _aჭავჭავაძე ილია
653 _a ქართული ენა
700 _aძიძიგური, ვ.
_eრედაქტორი
_93813
700 _aდუმბაძე, ა.
_eმხატვარი
_98080
942 _cBK
_2udc